[Event "IV C.to Europeo seniores"]
[Site "Arvier ITA"]
[Date "2004.09.10"]
[Round "1"]
[White "Rotelli, Pietro"]
[Black "Chernikov, Oleg L."]
[Result "0-1"]
[WhiteElo "2031"]
[BlackElo "2412"]
[PlyCount "108"]
[EventDate "2004.09.10"]

1. d4 d5 2. c4 e6 3. Nc3 c6 4. e3 f5 5. cxd5 exd5 6. Nf3 Bd6 7. g3 Nf6 8. Bg2
Be6 9. Ng5 Qe7 10. Nxe6 Qxe6 11. O-O O-O 12. Bd2 Nbd7 13. a3 Ne4 14. Rc1 Nb6
15. Nxe4 fxe4 16. Bc3 Nc4 17. Rc2 b5 18. Bb4 a5 19. Bxd6 Qxd6 20. Qc1 a4 21.
Rc3 Rf6 22. Qc2 Raf8 23. Qe2 Qe6 24. Rc2 g5 25. Qe1 h5 26. h3 Kg7 27. Qc3 Qd6
28. Rfc1 Qe7 29. Qe1 Qf7 30. Re2 Rb8 31. Qb4 Qf8 32. Qxf8+ Rfxf8 33. Rec2 Rb6
34. Bf1 Kf6 35. Bxc4 bxc4 36. Re1 Ke6 37. Kg2 Rfb8 38. Ree2 g4 39. h4 Kd6 40.
Kf1 Rb3 41. Ke1 Rd3 42. Red2 Rbb3 43. Kd1 c5 44. Kc1 cxd4 45. exd4 e3 46. fxe3
Rxe3 47. Rf2 Rxg3 48. Rf6+ Ke7 49. Rcf2 Rbf3 50. R6xf3 gxf3 51. Kd2 Kf6 52. Ke3
Kf5 53. Rxf3+ Kg4 54. Rxg3+ Kxg3 0-1

[Event "IV C.to Europeo seniores"]
[Site "Arvier ITA"]
[Date "2004.09.10"]
[Round "1"]
[White "Sorokin, Valentin"]
[Black "Marjanovic, Slavko"]
[Result "1/2-1/2"]
[WhiteElo "2388"]
[BlackElo "2024"]
[PlyCount "56"]
[EventDate "2004.09.10"]

1. d4 d6 2. e4 e6 3. f4 Nf6 4. Nc3 Be7 5. Nf3 c5 6. Bb5+ Bd7 7. Bxd7+ Qxd7 8.
O-O cxd4 9. Nxd4 Nc6 10. Be3 Nxd4 11. Bxd4 O-O 12. Kh1 Qc6 13. Qf3 b5 14. e5
Nd5 15. f5 dxe5 16. Bxe5 Rac8 17. Nxd5 Qxd5 18. Qxd5 exd5 19. c3 f6 20. Bd4 Bc5
21. Rad1 Rfe8 22. Kg1 Re5 23. Rf4 Kf7 24. g4 Ke7 25. Kg2 Bxd4 26. Rdxd4 Kd6 27.
a4 a6 28. Rf2 Rce8 1/2-1/2

[Event "IV C.to Europeo seniores"]
[Site "Arvier ITA"]
[Date "2004.09.10"]
[Round "1"]
[White "Trifunovic, Dusan"]
[Black "Jakobsen, Ole"]
[Result "0-1"]
[WhiteElo "2020"]
[BlackElo "2379"]
[PlyCount "52"]
[EventDate "2004.09.10"]

1. e4 d6 2. f4 c5 3. Nf3 Nc6 4. c3 Nf6 5. d3 g6 6. Be2 Bg7 7. O-O O-O 8. b3 Rb8
9. Bb2 b5 10. Kh1 e5 11. g3 Bh3 12. Rg1 Ng4 13. Qe1 h6 14. Nh4 c4 15. dxc4 bxc4
16. Bxg4 Bxg4 17. Nd2 cxb3 18. axb3 d5 19. Ra6 Rb6 20. Rxb6 axb6 21. c4 dxe4
22. Ba3 Re8 23. Qxe4 Qd7 24. Ng2 exf4 25. Qxf4 g5 26. Qf2 Re2 0-1

[Event "IV C.to Europeo seniores"]
[Site "Arvier ITA"]
[Date "2004.09.11"]
[Round "2"]
[White "Arnaudov, Petar"]
[Black "Hecht, Hans-Joachim"]
[Result "1/2-1/2"]
[WhiteElo "2222"]
[BlackElo "2423"]
[PlyCount "121"]
[EventDate "2004.09.10"]

1. e4 e5 2. Nc3 Nc6 3. g3 d6 4. Bg2 g6 5. d3 Bg7 6. f4 Nge7 7. Nf3 Nd4 8. O-O
exf4 9. Bxf4 Ne6 10. Be3 c6 11. Qd2 O-O 12. Rab1 d5 13. Bh6 d4 14. Ne2 Qd6 15.
Rf2 Bd7 16. Rbf1 f5 17. Bxg7 Kxg7 18. Ng5 Nxg5 19. Qxg5 h6 20. Qf4 Qxf4 21.
Nxf4 Rae8 22. e5 Nc8 23. Re2 Be6 24. c4 g5 25. Nh5+ Kg6 26. Bf3 Rd8 27. Nf6 g4
28. Bg2 Ne7 29. Ref2 b5 30. b3 bxc4 31. bxc4 h5 32. h4 Rb8 33. Ne4 fxe4 34.
Rxf8 Rxf8 35. Rxf8 exd3 36. Be4+ Kg7 37. Rd8 Bxc4 38. Rxd4 Bxa2 39. Bxd3 Bd5
40. Ra4 Kf7 41. Rxa7 Ke6 42. Kf2 c5 43. Rc7 c4 44. Bxc4 Bxc4 45. Rxc4 Kxe5 46.
Rc5+ Nd5 47. Ra5 Ke4 48. Ra6 Kf5 49. Rh6 Nf6 50. Ke3 Nd5+ 51. Kd4 Nf6 52. Rh8
Ke6 53. Ra8 Kf5 54. Ra5+ Ke6 55. Rg5 Kd6 56. Ke3 Ke6 57. Kf4 Nd5+ 58. Rxd5 Kxd5
59. Kg5 Ke4 60. Kxh5 Kf3 61. Kg6 1/2-1/2

[Event "IV C.to Europeo seniores"]
[Site "Arvier ITA"]
[Date "2004.09.11"]
[Round "2"]
[White "Asmundsson, Ingvar"]
[Black "Hallerod, Ralph"]
[Result "1-0"]
[WhiteElo "2295"]
[BlackElo "2111"]
[PlyCount "55"]
[EventDate "2004.09.10"]

1. e4 e5 2. Nf3 Nc6 3. d4 exd4 4. Nxd4 Bc5 5. Be3 Qf6 6. Nb5 Bxe3 7. fxe3 Qh4+
8. g3 Qxe4 9. Nxc7+ Kf8 10. Nxa8 Qxh1 11. Qd6+ Nge7 12. Nc3 Qf3 13. Qd2 d5 14.
Nc7 d4 15. exd4 Nf5 16. Qe2 Qxe2+ 17. Nxe2 Nfxd4 18. Nxd4 Nxd4 19. O-O-O Nc6
20. Bg2 g5 21. Bxc6 bxc6 22. Rd8+ Kg7 23. Ne8+ Rxe8 24. Rxe8 Be6 25. Ra8 f5 26.
Rxa7+ Kg6 27. Kd2 h5 28. Ke3 1-0

[Event "IV C.to Europeo seniores"]
[Site "Arvier ITA"]
[Date "2004.09.11"]
[Round "2"]
[White "Beliaeva, Natalia"]
[Black "Van den Berg, Adrianus M.J."]
[Result "1/2-1/2"]
[WhiteElo "2110"]
[BlackElo "2286"]
[PlyCount "88"]
[EventDate "2004.09.10"]

1. f4 d5 2. Nf3 Bg4 3. Ne5 Bf5 4. e3 e6 5. Be2 Nd7 6. O-O Nxe5 7. fxe5 d4 8. d3
Bc5 9. e4 Bg6 10. Bh5 Qh4 11. Bf3 Qe7 12. Nd2 a6 13. a4 Qd7 14. Nc4 Ne7 15. Bd2
Nc6 16. Qe1 Be7 17. Bg4 O-O 18. a5 Qd8 19. Qc1 h6 20. Be2 b5 21. axb6 cxb6 22.
Bf4 b5 23. Nd2 Bg5 24. g3 Nb4 25. Qb1 Qb6 26. Kg2 Rac8 27. c3 Bxf4 28. gxf4
dxc3 29. bxc3 Qe3 30. cxb4 Qxd2 31. Qe1 Rc2 32. Qxd2 Rxd2 33. Rf2 Rc8 34. Bf1
Rcc2 35. Rxd2 Rxd2+ 36. Kg3 Rb2 37. Rxa6 Rxb4 38. Ra8+ Kh7 39. Be2 Rb2 40. Bg4
h5 41. Bh3 h4+ 42. Kxh4 Rxh2 43. Rb8 Rf2 44. Rxb5 Rf3 1/2-1/2

[Event "IV C.to Europeo seniores"]
[Site "Arvier ITA"]
[Date "2004.09.11"]
[Round "2"]
[White "Birens, Eric-Andre'"]
[Black "Stepak, Yedael"]
[Result "0-1"]
[WhiteElo "2116"]
[BlackElo "2302"]
[PlyCount "86"]
[EventDate "2004.09.10"]

1. d4 Nf6 2. c4 g6 3. Nc3 Bg7 4. e4 d6 5. Be2 O-O 6. Nf3 Na6 7. O-O e5 8. d5
Nh5 9. Re1 Nf4 10. Bxf4 exf4 11. h3 Nc5 12. Bf1 Re8 13. Qd2 g5 14. Nd4 a5 15.
Rad1 Be5 16. f3 h5 17. Nf5 Bxf5 18. exf5 Qf6 19. Bd3 Bd4+ 20. Kh1 Re3 21. Rxe3
fxe3 22. Qe2 Bxc3 23. bxc3 Re8 24. Rc1 Qe5 25. Bb1 Kg7 26. f4 gxf4 27. Qxh5 Kf8
28. Qh4 f6 29. Qh7 Re7 30. Qh8+ Kf7 31. Qh5+ Kg8 32. Rf1 Rg7 33. Re1 Rg3 34.
Re2 Ne4 35. Bxe4 Qxe4 36. Kh2 Rg5 37. Qh4 Qxf5 38. Qe1 Qe4 39. Rb2 b6 40. Qe2
Qe5 41. Kh1 Qxc3 42. Rc2 f3 43. Rxc3 fxe2 0-1

[Event "IV C.to Europeo seniores"]
[Site "Arvier ITA"]
[Date "2004.09.11"]
[Round "2"]
[White "Bukal, Vladimir sr"]
[Black "Komysheva, Margarita"]
[Result "1-0"]
[WhiteElo "2397"]
[BlackElo "2208"]
[PlyCount "89"]
[EventDate "2004.09.10"]

1. c4 c5 2. Nc3 Nf6 3. g3 d5 4. cxd5 Nxd5 5. Bg2 Nc7 6. d3 e5 7. Nf3 Nc6 8. O-O
Be7 9. Nd2 Bd7 10. Nc4 f6 11. a4 Rb8 12. f4 exf4 13. Bxf4 O-O 14. Nd5 Nxd5 15.
Bxd5+ Kh8 16. Bxb8 Qxb8 17. a5 Nb4 18. Bg2 Be6 19. Qc1 Qc8 20. Qf4 Rd8 21. Qe4
Nc6 22. a6 Bd5 23. Qf5 Qxf5 24. Rxf5 Bxg2 25. Kxg2 b6 26. Ne3 Ne5 27. Rf4 g6
28. Re4 Rd7 29. Nc4 Nc6 30. Re6 Rc7 31. Nxb6 Nd4 32. Re4 f5 33. Re5 Bd6 34.
Re8+ Kg7 35. Nc4 Be7 36. Kf2 Nc6 37. Ra8 Kf6 38. Na3 Ke6 39. Nb5 Rd7 40. Rc8
Nb4 41. Ra4 Kd5 42. b3 Nc6 43. e4+ fxe4 44. dxe4+ Ke5 45. Rxc6 1-0

[Event "IV C.to Europeo seniores"]
[Site "Arvier ITA"]
[Date "2004.09.11"]
[Round "2"]
[White "Chernikov, Oleg L."]
[Black "Adibekian, Roubik"]
[Result "0-1"]
[WhiteElo "2412"]
[BlackElo "2219"]
[PlyCount "78"]
[EventDate "2004.09.10"]

1. d4 d5 2. c4 Nc6 3. Nf3 Bg4 4. cxd5 Bxf3 5. dxc6 Bxc6 6. Nc3 e6 7. e4 Nf6 8.
f3 a6 9. Be3 Be7 10. Bc4 b5 11. Bb3 O-O 12. O-O Bb7 13. Rc1 Rc8 14. Ne2 c5 15.
dxc5 Nd7 16. c6 Rxc6 17. Rxc6 Bxc6 18. Nd4 Qb6 19. Qe2 Bc5 20. Rd1 Nf6 21. Kf2
Bb7 22. Bc2 Rd8 23. Nb3 Bxe3+ 24. Qxe3 Qxe3+ 25. Kxe3 Rxd1 26. Bxd1 e5 27. Na5
Ba8 28. Bb3 Kf8 29. g4 h6 30. Kd3 Ke7 31. Kc3 Nd7 32. Kb4 g6 33. a4 bxa4 34.
Bxa4 f5 35. gxf5 gxf5 36. Bxd7 Kxd7 37. exf5 Bxf3 38. Nc4 e4 39. Kc5 Ke7 0-1

[Event "IV C.to Europeo seniores"]
[Site "Arvier ITA"]
[Date "2004.09.11"]
[Round "2"]
[White "Etmans, Maarten D."]
[Black "Loktiev, Ivan"]
[Result "1/2-1/2"]
[WhiteElo "2213"]
[BlackElo "2410"]
[PlyCount "69"]
[EventDate "2004.09.10"]

1. e4 e5 2. d4 exd4 3. Qxd4 Nc6 4. Qe3 Nf6 5. e5 Nd5 6. Qe4 Nb6 7. Nf3 Be7 8.
Bd3 Nb4 9. O-O Nxd3 10. cxd3 O-O 11. d4 d6 12. Nc3 c6 13. h3 Be6 14. exd6 Qxd6
15. Ng5 Bxg5 16. Bxg5 Rfe8 17. Qh4 Bf5 18. Qf4 Qd7 19. Bh4 f6 20. Bg3 Rad8 21.
Rfe1 Rxe1+ 22. Rxe1 Bg6 23. b3 h6 24. Kh2 Kh7 25. Rd1 Qe7 26. f3 Nd5 27. Nxd5
Rxd5 28. Re1 Qb4 29. Qc7 Qb6 30. Re7 Qxc7 31. Rxc7 Rb5 32. Bh4 Kg8 33. Rc8+ Kf7
34. Rc7+ Kf8 35. Bg3 1/2-1/2

[Event "IV C.to Europeo seniores"]
[Site "Arvier ITA"]
[Date "2004.09.11"]
[Round "2"]
[White "Gruzmann, Boris"]
[Black "Strelnikova, Elena"]
[Result "1-0"]
[WhiteElo "2314"]
[BlackElo "2133"]
[PlyCount "75"]
[EventDate "2004.09.10"]

1. e4 c5 2. Nf3 d6 3. d4 cxd4 4. Nxd4 Nf6 5. Nc3 a6 6. f4 e6 7. f5 Nc6 8. fxe6
fxe6 9. Nxc6 bxc6 10. Bd3 Be7 11. O-O O-O 12. Qe2 e5 13. h3 Be6 14. Bc4 Qd7 15.
Bg5 h6 16. Bh4 Bxc4 17. Qxc4+ d5 18. Qa4 Bc5+ 19. Kh1 Qe6 20. Bxf6 Rxf6 21.
Rxf6 gxf6 22. Qb3 Rd8 23. Rd1 Bd4 24. Ne2 Bc5 25. Ng3 Kf7 26. Nf5 Bf8 27. Qf3
Ke8 28. Rd3 Qf7 29. Qd1 Rd7 30. Rb3 Rb7 31. Qd3 Rb5 32. Qc3 Qd7 33. Qf3 Rxb3
34. axb3 Qf7 35. Ne3 Bc5 36. Ng4 Be7 37. Nxh6 Qg6 38. Nf5 1-0

[Event "IV C.to Europeo seniores"]
[Site "Arvier ITA"]
[Date "2004.09.11"]
[Round "2"]
[White "Hilburt, Leonid"]
[Black "Jansa, Vlastimil"]
[Result "0-1"]
[WhiteElo "2237"]
[BlackElo "2500"]
[PlyCount "64"]
[EventDate "2004.09.10"]

1. e4 c5 2. Nc3 Nc6 3. g3 g6 4. Bg2 Bg7 5. f4 d6 6. Nge2 e5 7. d3 Nge7 8. O-O
O-O 9. h3 Be6 10. Be3 Nd4 11. Rb1 Qd7 12. Kh2 Rac8 13. Nd5 Bxd5 14. exd5 Nef5
15. Bg1 Nxe2 16. Qxe2 Rfe8 17. Qd2 exf4 18. gxf4 Re7 19. c3 Rce8 20. Be4 c4 21.
Rbe1 Bh6 22. Bf2 Re5 23. Bg2 cxd3 24. Kg1 Qa4 25. b4 Qb5 26. Rxe5 Rxe5 27. Rd1
Qc4 28. Qxd3 Qxf4 29. Bxa7 Ne3 30. Bxe3 Rxe3 31. Qb5 Qg3 32. Kf1 Re5 0-1

[Event "IV C.to Europeo seniores"]
[Site "Arvier ITA"]
[Date "2004.09.11"]
[Round "2"]
[White "Jakobsen, Ole"]
[Black "Kock, Hans-Uwe"]
[Result "1-0"]
[WhiteElo "2379"]
[BlackElo "2172"]
[PlyCount "81"]
[EventDate "2004.09.10"]

1. d4 Nf6 2. c4 g6 3. Nc3 Bg7 4. e4 d6 5. f3 O-O 6. Nge2 e5 7. Bg5 c6 8. Qd2
Na6 9. O-O-O Be6 10. d5 cxd5 11. Nxd5 Bxd5 12. cxd5 Rc8+ 13. Kb1 Nc5 14. Ng3 a5
15. h4 Qb6 16. Be3 h5 17. Rc1 Ne8 18. Bc4 Nc7 19. Qe2 Rfd8 20. Nf1 Qa7 21. g4
hxg4 22. fxg4 Qb8 23. Qg2 b5 24. Be2 Ne8 25. g5 b4 26. h5 Na4 27. Nd2 Nc3+ 28.
bxc3 bxc3+ 29. Nb3 a4 30. Kc2 axb3+ 31. axb3 Qb4 32. Ra1 Ra8 33. hxg6 fxg6 34.
Qh3 Rxa1 35. Rxa1 Nc7 36. Bc4 Rf8 37. Qd7 Rf3 38. Qxc7 Rxe3 39. Qc8+ Bf8 40.
Qe6+ Kh7 41. Qf7+ 1-0

[Event "IV C.to Europeo seniores"]
[Site "Arvier ITA"]
[Date "2004.09.11"]
[Round "2"]
[White "Karl, Hans"]
[Black "Giani, Franco"]
[Result "1-0"]
[WhiteElo "2283"]
[BlackElo "2096"]
[PlyCount "60"]
[EventDate "2004.09.10"]

1. d4 g6 2. c4 Bg7 3. Nc3 d6 4. e4 Nf6 5. f3 Nbd7 6. Nh3 O-O 7. Bg5 h6 8. Be3
e5 9. d5 Kh7 10. g4 Ng8 11. Bd3 a6 12. Nf2 Nc5 13. Bc2 Bd7 14. b4 Ne6 15. dxe6
fxe6 16. O-O Rf7 17. Nh1 Qh4 18. Qe1 Qe7 19. Rd1 Raf8 20. Qg3 Bf6 21. Rd2 Bg5
22. Bxg5 Qxg5 23. Re2 Nf6 24. h4 Qf4 25. Qxf4 exf4 26. e5 dxe5 27. h5 e4 28.
Nxe4 Nxe4 29. Bxe4 Kg7 30. Bxg6 Rf6 1-0

[Event "IV C.to Europeo seniores"]
[Site "Arvier ITA"]
[Date "2004.09.11"]
[Round "2"]
[White "Kohlschmidt, Christoph"]
[Black "Sorokin, Valentin"]
[Result "0-1"]
[WhiteElo "1885"]
[BlackElo "2388"]
[PlyCount "50"]
[EventDate "2004.09.10"]

1. e4 d6 2. d4 Nf6 3. Bd3 e5 4. c3 Nc6 5. Ne2 Be7 6. f4 O-O 7. O-O Bg4 8. h3
Bxe2 9. Qxe2 exd4 10. e5 Ne8 11. Qe4 f5 12. Qd5+ Kh8 13. cxd4 dxe5 14. Qxd8
Rxd8 15. fxe5 Nxd4 16. Nc3 c6 17. Be3 f4 18. Rxf4 Rxf4 19. Bxf4 Ne6 20. Bf5
Nxf4 21. Rd1 Rxd1+ 22. Nxd1 Nc7 23. g3 Bc5+ 24. Kf1 Nfe6 25. Nc3 Bd4 0-1

[Event "IV C.to Europeo seniores"]
[Site "Arvier ITA"]
[Date "2004.09.11"]
[Round "2"]
[White "Macek, Vlasta"]
[Black "Klovans, Janis"]
[Result "0-1"]
[WhiteElo "2230"]
[BlackElo "2456"]
[PlyCount "48"]
[EventDate "2004.09.10"]

1. d4 Nf6 2. Nf3 e6 3. c4 d5 4. Nc3 c6 5. cxd5 exd5 6. Bg5 Nbd7 7. Qc2 Be7 8.
e3 O-O 9. Bd3 Re8 10. O-O Nf8 11. h3 Ng6 12. Ne5 Nd7 13. Bxe7 Qxe7 14. Nxg6
hxg6 15. Rab1 Nf6 16. b4 g5 17. Rfe1 Be6 18. Bf5 Rad8 19. f3 Rd6 20. a4 Bxf5
21. Qxf5 Re6 22. Nd1 Nh5 23. g4 Nf4 24. Rf1 Rxe3 0-1

[Event "IV C.to Europeo seniores"]
[Site "Arvier ITA"]
[Date "2004.09.11"]
[Round "2"]
[White "Molinari, Gianfranco"]
[Black "Ljubarskij, Juri"]
[Result "0-1"]
[WhiteElo "2134"]
[BlackElo "2338"]
[PlyCount "68"]
[EventDate "2004.09.10"]

1. c4 e5 2. Nc3 f5 3. d3 Nf6 4. g3 Bb4 5. a3 Bxc3+ 6. bxc3 O-O 7. Bg5 h6 8.
Bxf6 Qxf6 9. d4 Nc6 10. e3 d6 11. Nf3 b6 12. Bg2 e4 13. Nd2 Ba6 14. Qc2 Na5 15.
Qa2 c5 16. O-O Rac8 17. Rfc1 Qe6 18. Bf1 g5 19. d5 Qe5 20. Bg2 Rce8 21. Bf1 f4
22. exf4 gxf4 23. Qc2 Bc8 24. Re1 Bf5 25. Qc1 e3 26. Nf3 Qe4 27. Bg2 Nb3 28.
Qd1 Nxa1 29. Qxa1 Qxc4 30. fxe3 Rxe3 31. Rxe3 fxe3 32. Nh4 Be4 33. Qe1 e2 34.
Qd2 Rf1+ 0-1

[Event "IV C.to Europeo seniores"]
[Site "Arvier ITA"]
[Date "2004.09.11"]
[Round "2"]
[White "Ofstad, Per"]
[Black "Schneiders, Albert"]
[Result "1/2-1/2"]
[WhiteElo "2208"]
[BlackElo "2236"]
[PlyCount "37"]
[EventDate "2004.09.10"]

1. e4 c5 2. c3 Nf6 3. e5 Nd5 4. g3 Nc6 5. Bg2 e6 6. Nf3 d6 7. exd6 Bxd6 8. O-O
O-O 9. d4 cxd4 10. Nxd4 Qb6 11. Nxc6 bxc6 12. Re1 Bc5 13. Qf3 Ba6 14. Nd2 Rad8
15. Nb3 Be7 16. Be3 Nxe3 17. Qxe3 Qxe3 18. Rxe3 Rd6 19. Bf1 1/2-1/2

[Event "IV C.to Europeo seniores"]
[Site "Arvier ITA"]
[Date "2004.09.11"]
[Round "2"]
[White "Profaizer, Gino"]
[Black "Zhelesny, Stanislav"]
[Result "0-1"]
[WhiteElo "1990"]
[BlackElo "2274"]
[PlyCount "90"]
[EventDate "2004.09.10"]

1. d4 Nf6 2. c4 g6 3. Nc3 d5 4. cxd5 Nxd5 5. e4 Nb6 6. h3 Bg7 7. Nf3 O-O 8. Be3
Nc6 9. Qd2 e5 10. d5 Ne7 11. g4 Re8 12. Be2 Bd7 13. a4 Nbc8 14. Bb5 Nd6 15. Qd3
a6 16. Bxd7 Qxd7 17. Nd2 b5 18. b4 f5 19. f3 fxe4 20. fxe4 a5 21. O-O bxa4 22.
b5 h5 23. Qe2 Kh7 24. Kg2 Bh6 25. g5 Bg7 26. Rxa4 Reb8 27. Rb1 Nec8 28. Ra2 a4
29. Rb4 a3 30. Rb3 Bf8 31. Bc5 Be7 32. Nf3 Nf7 33. Qe3 Ncd6 34. Bxd6 Bxd6 35.
Nd2 Qe7 36. h4 Bc5 37. Qh3 Nd6 38. Ndb1 Rf8 39. Qe6 Qg7 40. Nxa3 Rf4 41. Kg3
Rg4+ 42. Kh3 Rf4 43. Kg3 Re8 44. Qh3 Qf7 45. Nd1 Rg4+ 0-1

[Event "IV C.to Europeo seniores"]
[Site "Arvier ITA"]
[Date "2004.09.11"]
[Round "2"]
[White "Shabanov, Yuri"]
[Black "Popivoda, Radmila"]
[Result "1-0"]
[WhiteElo "2429"]
[BlackElo "2234"]
[PlyCount "111"]
[EventDate "2004.09.10"]

1. e4 e6 2. d4 d5 3. Nc3 Nf6 4. e5 Nfd7 5. f4 c5 6. Nf3 Nc6 7. Be3 a6 8. Qd2 b5
9. Be2 g6 10. O-O h5 11. Kh1 Be7 12. dxc5 Nxc5 13. Nd4 Nxd4 14. Bxd4 b4 15. Nd1
Ne4 16. Qe3 Bd7 17. Nf2 Nxf2+ 18. Rxf2 Bb5 19. Bf3 Rc8 20. Rd1 Qc7 21. g3 Bc5
22. Kg2 a5 23. h3 Qe7 24. Bxc5 Rxc5 25. a3 Kf8 26. axb4 axb4 27. Rd4 Rc7 28.
Qe1 Rb7 29. Rfd2 Bc6 30. g4 hxg4 31. hxg4 Rh4 32. Qg3 Rc7 33. f5 gxf5 34. gxf5
Rxd4 35. Rxd4 exf5 36. Rh4 Ke8 37. e6 Kd8 38. Rh8+ Be8 39. exf7 Qxf7 40. Bh5
Rxc2+ 41. Kh3 Qxh5+ 42. Rxh5 Bxh5 43. Qg5+ Kc7 44. Qxh5 Rc4 45. Qh6 Re4 46. Kg3
Kd7 47. Kf3 Ke7 48. Qc6 Rg4 49. Ke3 Re4+ 50. Kd3 Rg4 51. Qh6 Kd7 52. Kc2 Re4
53. Qf6 f4 54. Kb3 Kc7 55. Ka4 Kd7 56. Kb5 1-0

[Event "IV C.to Europeo seniores"]
[Site "Arvier ITA"]
[Date "2004.09.11"]
[Round "2"]
[White "Tseitlin, Mark D."]
[Black "Estrada Martinez, Cesar"]
[Result "1-0"]
[WhiteElo "2484"]
[BlackElo "2235"]
[PlyCount "87"]
[EventDate "2004.09.10"]

1. e4 c5 2. Nf3 Nc6 3. Bb5 g6 4. O-O Bg7 5. c3 d6 6. d4 cxd4 7. cxd4 Bd7 8. Nc3
a6 9. Bxc6 bxc6 10. h3 Qa5 11. e5 d5 12. Na4 e6 13. Bd2 Qc7 14. Bb4 Ne7 15. Qd2
a5 16. Bc5 Nc8 17. Rac1 h6 18. Rc3 Bf8 19. Nh2 h5 20. Bxf8 Kxf8 21. Rb3 Kg7 22.
Nc5 Ra7 23. Qf4 Qd8 24. Rc1 Qe7 25. Nf3 Rf8 26. Ng5 f6 27. exf6+ Qxf6 28. Qxf6+
Rxf6 29. Nxd7 Rxd7 30. Rxc6 Nd6 31. Rbb6 Nc4 32. Ra6 Nxb2 33. Nxe6+ Kh6 34.
Rxa5 Nd3 35. Ra8 Rxf2 36. Rh8+ Rh7 37. Nf8 Rxg2+ 38. Kxg2 Nf4+ 39. Kf3 Rxh8 40.
Rf6 Kg7 41. Rxf4 Rxf8 42. Rxf8 Kxf8 43. Kf4 Kg7 44. Kg5 1-0

[Event "IV C.to Europeo seniores"]
[Site "Arvier ITA"]
[Date "2004.09.12"]
[Round "3"]
[White "Adibekian, Roubik"]
[Black "Bukal, Vladimir sr"]
[Result "0-1"]
[WhiteElo "2219"]
[BlackElo "2397"]
[PlyCount "76"]
[EventDate "2004.09.10"]

1. d4 d5 2. Nf3 Nf6 3. g3 Bf5 4. Bg2 h6 5. O-O e6 6. c4 c6 7. Nc3 Nbd7 8. Nd2
Be7 9. h3 O-O 10. e4 dxe4 11. Ndxe4 Nxe4 12. Nxe4 Nf6 13. Nc3 Qb6 14. c5 Qa6
15. Be3 Rfd8 16. Qb3 Rd7 17. Rfd1 Qa5 18. a3 Rc8 19. Qc4 Nd5 20. Nxd5 exd5 21.
Qe2 Bf6 22. Qf3 Bc2 23. Rd2 Bg6 24. h4 Re8 25. b4 Qd8 26. Bh3 Rde7 27. Qf4 Re4
28. Qd6 R4e7 29. Qf4 a5 30. b5 cxb5 31. Bf1 b6 32. Bxb5 bxc5 33. Bxe8 Qxe8 34.
Rad1 c4 35. Rc1 Qc8 36. Qf3 Be4 37. Qe2 Qh3 38. Qf1 Qh1# 0-1

[Event "IV C.to Europeo seniores"]
[Site "Arvier ITA"]
[Date "2004.09.12"]
[Round "3"]
[White "Arkhangelsky, Boris"]
[Black "Karl, Hans"]
[Result "1/2-1/2"]
[WhiteElo "2376"]
[BlackElo "2283"]
[PlyCount "67"]
[EventDate "2004.09.10"]

1. Nf3 Nf6 2. c4 g6 3. d4 Bg7 4. Nc3 O-O 5. e4 d6 6. Be2 e5 7. O-O Qe8 8. dxe5
dxe5 9. b4 Qe7 10. b5 Rd8 11. Qb3 Bg4 12. Ba3 Qe8 13. Rfd1 Nbd7 14. c5 Bf8 15.
c6 bxc6 16. bxc6 Nc5 17. Qc2 Bxf3 18. Bxf3 Ne6 19. Bxf8 Qxf8 20. Ne2 Rxd1+ 21.
Rxd1 Rd8 22. Rxd8 Qxd8 23. g3 Nd4 24. Nxd4 Qxd4 25. Qb3 Kg7 26. Qb7 Qb6 27. Kg2
Ne8 28. h4 h5 29. Be2 Nd6 30. Qxb6 axb6 31. Kf3 Kf6 32. Ke3 Ke7 33. f3 f6 34.
g4 1/2-1/2

[Event "IV C.to Europeo seniores"]
[Site "Arvier ITA"]
[Date "2004.09.12"]
[Round "3"]
[White "Fainstein, Vladimir"]
[Black "Macek, Vlasta"]
[Result "0-1"]
[WhiteElo "2103"]
[BlackElo "2230"]
[PlyCount "86"]
[EventDate "2004.09.10"]

1. d4 d5 2. c4 c6 3. Nc3 Nf6 4. Bg5 e6 5. e3 Be7 6. Nf3 a6 7. Bd3 Nbd7 8. O-O
h6 9. Bf4 Nh5 10. Be5 Nxe5 11. Nxe5 Nf6 12. Qe2 O-O 13. Rfd1 Qc7 14. Rac1 Bd7
15. c5 Be8 16. Na4 Rd8 17. f4 Nd7 18. Nxd7 Bxd7 19. Nb6 Be8 20. Rf1 f5 21. b4
Bf6 22. a4 g5 23. fxg5 hxg5 24. b5 axb5 25. axb5 Qg7 26. Kh1 g4 27. g3 Bg5 28.
Rce1 Bg6 29. bxc6 bxc6 30. Qc2 Rf7 31. Qa4 Rc7 32. Rf2 Rf8 33. Qc2 Ra7 34. Ref1
Ra3 35. Qe2 Qa7 36. e4 dxe4 37. Bxe4 Re3 38. Qxg4 fxg4 39. Rxf8+ Kg7 40. Bxg6
Kxg6 41. Rg8+ Kh6 42. Nc4 Rf3 43. Re1 Qf7 0-1

[Event "IV C.to Europeo seniores"]
[Site "Arvier ITA"]
[Date "2004.09.12"]
[Round "3"]
[White "Hecht, Hans-Joachim"]
[Black "Etmans, Maarten D."]
[Result "1-0"]
[WhiteElo "2423"]
[BlackElo "2213"]
[PlyCount "60"]
[EventDate "2004.09.10"]

1. d4 e6 2. c4 Bb4+ 3. Bd2 Bxd2+ 4. Qxd2 d5 5. Nc3 Nf6 6. f3 dxc4 7. e4 c6 8.
Bxc4 Nbd7 9. e5 Nd5 10. Ne4 O-O 11. Ne2 N7b6 12. Bb3 f5 13. Nd6 Nc7 14. Nf4
Nbd5 15. O-O-O Ne8 16. Bxd5 cxd5 17. Nb5 Bd7 18. Nc3 Nc7 19. Kb1 Qe7 20. Rc1
Rac8 21. Nce2 Bb5 22. Rc2 Bxe2 23. Qxe2 Qd7 24. Rhc1 Na6 25. Nd3 Rxc2 26. Qxc2
Qe7 27. a3 Qh4 28. Qa4 Qxh2 29. Qd7 Qxg2 30. Qxe6+ Kh8 1-0

[Event "IV C.to Europeo seniores"]
[Site "Arvier ITA"]
[Date "2004.09.12"]
[Round "3"]
[White "Jansa, Vlastimil"]
[Black "Gruzmann, Boris"]
[Result "1-0"]
[WhiteElo "2500"]
[BlackElo "2314"]
[PlyCount "75"]
[EventDate "2004.09.10"]

1. e4 e5 2. Nf3 Nc6 3. Bb5 d6 4. d4 Bd7 5. Nc3 exd4 6. Nxd4 Nf6 7. Bxc6 bxc6 8.
Bg5 Be7 9. Qd3 O-O 10. O-O-O Ng4 11. Bxe7 Qxe7 12. Qg3 a5 13. Nxc6 Qf6 14. f4
Bxc6 15. Qxg4 a4 16. a3 Rab8 17. Rhe1 Rfe8 18. Rd3 g6 19. Qg3 Rb7 20. Qf2 Reb8
21. Nd1 Re8 22. Rde3 Rb5 23. g3 Reb8 24. Rd3 Qe6 25. Qd4 f5 26. Rc3 R5b6 27. e5
d5 28. Rc5 Kg7 29. Re3 Kh6 30. Rec3 R8b7 31. Ne3 Bd7 32. Nd1 Bc6 33. h3 Qd7 34.
g4 Qe6 35. Ne3 Bd7 36. g5+ Kg7 37. Rxc7 Rxb2 38. Rxd7+ 1-0

[Event "IV C.to Europeo seniores"]
[Site "Arvier ITA"]
[Date "2004.09.12"]
[Round "3"]
[White "Klovans, Janis"]
[Black "Asmundsson, Ingvar"]
[Result "1-0"]
[WhiteElo "2456"]
[BlackElo "2295"]
[PlyCount "77"]
[EventDate "2004.09.10"]

1. e4 c5 2. Nf3 e6 3. d4 cxd4 4. Nxd4 a6 5. Bd3 Bc5 6. Nb3 Be7 7. O-O d6 8. Qg4
Bf6 9. Nc3 e5 10. Qe2 Ne7 11. Be3 O-O 12. Rfd1 b5 13. a4 b4 14. Na2 a5 15. c3
Be6 16. Bc4 Qc8 17. Nd2 d5 18. exd5 Nxd5 19. cxb4 Nxb4 20. Nxb4 axb4 21. Rac1
Bxc4 22. Rxc4 Qa6 23. Ne4 Be7 24. Bc5 Nc6 25. Bxe7 Nxe7 26. Nc5 Qa5 27. Qxe5
Rad8 28. Rxd8 Rxd8 29. h3 Nc6 30. Qf4 h6 31. b3 Rd1+ 32. Kh2 Qd8 33. Ne4 Qd5
34. Qg4 Qe5+ 35. f4 Qa1 36. Rxc6 Rh1+ 37. Kg3 Qe1+ 38. Nf2 Rf1 39. Rc8+ 1-0

[Event "IV C.to Europeo seniores"]
[Site "Arvier ITA"]
[Date "2004.09.12"]
[Round "3"]
[White "Lein, Marina"]
[Black "Hilburt, Leonid"]
[Result "1-0"]
[WhiteElo "2007"]
[BlackElo "2237"]
[PlyCount "111"]
[EventDate "2004.09.10"]

1. c4 e6 2. Nf3 d5 3. e3 Nf6 4. Be2 Be7 5. O-O O-O 6. b3 b6 7. Bb2 Bb7 8. d3
Nbd7 9. Nbd2 c5 10. Qc2 Rc8 11. Rac1 Bd6 12. h3 Bb8 13. Qb1 Ne8 14. cxd5 exd5
15. d4 f5 16. dxc5 bxc5 17. Rfd1 Qe7 18. Nf1 Nd6 19. N3h2 Ne4 20. g3 a6 21. Bf3
g5 22. Bxe4 fxe4 23. Rd2 Qe6 24. Kg2 Ne5 25. Bxe5 Bxe5 26. Rcc2 Rc7 27. Qd1 Qf7
28. Ng4 Bg7 29. Ngh2 d4 30. Qc1 Rfc8 31. Rc4 d3 32. Ra4 c4 33. bxc4 Rxc4 34.
Rxc4 Rxc4 35. Qb1 Bc3 36. Rd1 Rb4 37. Qc1 Rb2 38. Ng4 Bg7 39. Nh6+ Bxh6 40.
Qxb2 Qf3+ 41. Kg1 Bd5 42. Rc1 Be6 43. Nd2 Qf5 44. g4 Qf8 45. a4 Bg7 46. Qb6 Bd7
47. Qxa6 h5 48. Qc4+ Kh8 49. Qxe4 hxg4 50. hxg4 Qd6 51. a5 Bb2 52. Rb1 Bc6 53.
Qf5 Qh6 54. e4 Qg7 55. Qc8+ Kh7 56. Qxc6 1-0